Теплопроводность твердых тел, жидкостей, газов и их композиции: пер. с франц.

Bibliografiset tiedot
Päätekijä: Миснар А.
Kieli:venäjä
Julkaistu: Москва, Мир, 1968
Aiheet:
Aineistotyyppi: Kirja
KOHA link:https://koha.lib.tpu.ru/cgi-bin/koha/opac-detail.pl?biblionumber=43437

MARC

LEADER 00000nam0a2200000 4500
001 43437
005 20231031020318.0
035 |a (RuTPU)RU\TPU\book\44919 
090 |a 43437 
100 |a 20021009d1968 k y0rusy50 ca 
101 1 |a rus  |c fre 
102 |a RU 
105 |a a z 001zy 
200 1 |a Теплопроводность твердых тел, жидкостей, газов и их композиции  |e пер. с франц.  |f А. Миснар 
210 |a Москва  |c Мир  |d 1968 
215 |a 464 с.  |c черт. 
320 |a Библиогр. в конце глав 
320 |a Указ. коэффициентов теплопроводности 
610 1 |a физика 
610 1 |a твердые тела 
610 1 |a жидкости 
610 1 |a газы 
610 1 |a теплопроводность 
610 1 |a чистые вещества 
610 1 |a гетерогенные тела 
610 1 |a смеси 
610 1 |a соляные растворы 
610 1 |a расчет 
610 1 |a формулы 
675 |a 536.2  |v 3 
700 1 |a Миснар  |b А. 
801 1 |a RU  |b 63413507  |c 20021009  |g PSBO 
801 2 |a RU  |b 63413507  |c 20201118  |g PSBO 
942 |c BK